| 000 | 00851cam a22002891 4500 | ||
|---|---|---|---|
| 001 | sa 67000596 | ||
| 003 | DLC | ||
| 005 | 20260227112315.0 | ||
| 008 | 890717s1966 ii 000 0 gujo | ||
| 010 | _asa 67000596 | ||
| 035 | _a(OCoLC)20022006 | ||
| 040 |
_aDLC _cWaU _dDLC |
||
| 042 | _apremarc | ||
| 043 | _aa-ii--- | ||
| 050 | 0 | 0 |
_aPK1858 _b.R3 |
| 100 | 1 |
_aRāyacurā, Gokuladāsa Dvārakādāsa, _d1890-1951. |
|
| 245 | 1 | 0 | _aDuhānī ramajhaṭa. |
| 260 | _c[1966?] | ||
| 300 |
_a140 p. _c19 cm. |
||
| 500 | _aCover title: Sāta so eka Soraṭhī duhānī ramajhaṭa. | ||
| 500 | _aIn Gujarati. | ||
| 500 | _aPoems. | ||
| 650 | 0 |
_aFolk literature, Gujarati _zIndia _zSaurashtra. |
|
| 650 | 0 |
_aGujarati poetry _zIndia _zSaurashtra. |
|
| 700 | 1 | _aMeghāṇanda, Merūbhā. | |
| 740 | 0 | _aSāta so eka Soraṭhī duhānī ramajhaṭa. | |
| 999 |
_c72072 _d72072 |
||